000 00574nam a2200169 a 4500
008 120416s1983 ||||||||||||||||| || u
020 _a0205058388
050 _aQD 251.2 Mor
100 _aMorrison, Robert Thornton
245 1 0 _aOrganic chemistry (4th ed.)
250 _a4th ed.
260 _aBoston
_bAllyn and Bacon
_c1983
300 _axxiv, 1370p.
350 _a0.00
650 0 _aCHEMISTRY, ORGANIC
995 _D0.00
_FCBU-MAIN LIBRARY (Kitwe)
_H1
_I15.38
_M1
_UDAMAGED
_WMar 16, 2007
_ZMain Library Open Access Collection
999 _c52785
_d52785